| 000 -LEADER |
| fixed length control field |
01555cam a2200373 i 4500 |
| 001 - CONTROL NUMBER |
| control field |
17800797 |
| 003 - CONTROL NUMBER IDENTIFIER |
| control field |
OSt |
| 005 - DATE AND TIME OF LATEST TRANSACTION |
| control field |
20230213110736.0 |
| 008 - FIXED-LENGTH DATA ELEMENTS--GENERAL INFORMATION |
| fixed length control field |
130703s2014 nyua j b 001 0 eng c |
| 010 ## - LIBRARY OF CONGRESS CONTROL NUMBER |
| LC control number |
2013026792 |
| 020 ## - INTERNATIONAL STANDARD BOOK NUMBER |
| International Standard Book Number |
9781622752447 (pbk.) |
| 040 ## - CATALOGING SOURCE |
| Original cataloging agency |
NJQ/DLC |
| Language of cataloging |
eng |
| Transcribing agency |
NJQ |
| Description conventions |
rda |
| Modifying agency |
DLC |
| -- |
KH8 |
| 042 ## - AUTHENTICATION CODE |
| Authentication code |
pcc |
| 082 04 - DEWEY DECIMAL CLASSIFICATION NUMBER |
| Classification number |
577.82 SPI |
| Edition number |
23 |
| 100 1# - MAIN ENTRY--PERSONAL NAME |
| Personal name |
Spilsbury, Louise, |
| Relator term |
author. |
| 245 10 - TITLE STATEMENT |
| Title |
What are habitats & biomes? / |
| Statement of responsibility, etc. |
Louise Spilsbury. |
| 246 3# - VARYING FORM OF TITLE |
| Title proper/short title |
What are habitats and biomes |
| 250 ## - EDITION STATEMENT |
| Edition statement |
First edition. |
| 264 #1 - PRODUCTION, PUBLICATION, DISTRIBUTION, MANUFACTURE, AND COPYRIGHT NOTICE |
| Place of production, publication, distribution, manufacture |
New York, NY : |
| Name of producer, publisher, distributor, manufacturer |
Britannica Educational Publishing, in association with Rosen Educational Services, |
| Date of production, publication, distribution, manufacture, or copyright notice |
2014. |
| 300 ## - PHYSICAL DESCRIPTION |
| Extent |
32 pages : |
| Other physical details |
color illustrations ; |
| Dimensions |
21 cm. |
| 336 ## - CONTENT TYPE |
| Content type term |
text |
| Source |
rdacontent |
| 337 ## - MEDIA TYPE |
| Media type term |
unmediated |
| Source |
rdamedia |
| 338 ## - CARRIER TYPE |
| Carrier type term |
volume |
| Source |
rdacarrier |
| 490 0# - SERIES STATEMENT |
| Series statement |
Let's find out! Life science |
| 504 ## - BIBLIOGRAPHY, ETC. NOTE |
| Bibliography, etc. note |
Includes bibliographical references (page 31) and index. |
| 505 0# - FORMATTED CONTENTS NOTE |
| Formatted contents note |
Habitats and biomes -- Adapting to habitats and biomes -- Oceans -- Rivers, ponds, and lakes -- Wetlands -- Woodlands -- Conifer forests -- Rain forests -- Deserts -- Grasslands -- Scrublands -- Tundra -- Habitats and biomes under threat. |
| 521 2# - TARGET AUDIENCE NOTE |
| Target audience note |
Grades 3 to 6. |
| 650 #0 - SUBJECT ADDED ENTRY--TOPICAL TERM |
| Topical term or geographic name entry element |
Biotic communities |
| Form subdivision |
Juvenile literature. |
| 650 #0 - SUBJECT ADDED ENTRY--TOPICAL TERM |
| Topical term or geographic name entry element |
Habitat (Ecology) |
| Form subdivision |
Juvenile literature. |
| 650 #0 - SUBJECT ADDED ENTRY--TOPICAL TERM |
| Topical term or geographic name entry element |
Habitat conservation |
| Form subdivision |
Juvenile literature. |
| 906 ## - LOCAL DATA ELEMENT F, LDF (RLIN) |
| a |
7 |
| b |
cbc |
| c |
orignew |
| d |
1 |
| e |
ecip |
| f |
20 |
| g |
y-gencatlg |
| 942 ## - ADDED ENTRY ELEMENTS (KOHA) |
| Source of classification or shelving scheme |
|
| Koha item type |
Books - Non Ficton |